00394nam a2200145Ia 4500008004100000020001500041041000800056082001700064100004300081245003400124250000600158260003900164300001400203650003100217210716s1987 xx 000 0 und d a9971848724 aeng a005.268 DURD aDurant, David;Carlson, Geta;Yao, Paul. aProgrammers guide to windows. a1 aNew DelhibTech Publicationsc1987 axxiii,645 aMicrosoft Windows(005.269)